Suomen suosituimmat nettisivut - Statistics

Yleistilastot
  • Tätä visaa on pelattu 301 kertaa
  • Keskiarvotulos 7 / 20
Vastaustilastot
Hint Vastaus % Oikein
1 Google .com
87%
5 Google .fi
87%
11 Iltalehti .fi
69%
9 Iltasanomat .fi
69%
10 Facebook .com
63%
7 YLE .fi
62%
2 Youtube .com
51%
4 Wikipedia .org
48%
13 Helsingin Sanomat .fi
46%
18 Pornhub .com
41%
20 Netflix .com
17%
12 Tori .fi
13%
17 Ylilauta .org
12%
3 Reddit .com
10%
15 Nordea .fi
8%
14 Osuuspankki .fi
5%
8 Twitch .tv
5%
6 Vk .com
2%
16 Yandex .ru
2%
19 Microsoftonline .com
0%
Ehtoja vastaavia visoja ei löytynyt
Tulosjakauma
Jokaisen tuloksen saaneiden osuus
Persentiili vastausten määrän mukaan
Tuloshistoriasi
Et ole pelannut tätä visaa